000 00448nam a2200157 4500
001 116867
003 ES-MaACL
005 20230906190800.0
007 t|
008 061121s1970 sp r ||||1| spa d
100 1 _aPascual Ferrández, Antonio.
_989381
245 1 0 _aVanidades viciosas /
_cAntonio Pascual Ferrández.
260 _aBarcelona :
_bEdit. peñíscola,
_c1970.
300 _a204 p. ;
_c17 cm.
852 _aES-MaACL
_jC-42079
_bR.77681
999 _c116867
_d116867